000 01180nam a2200289 a 4500
001 ebr10486820
003 CaPaEBR
006 m u
007 cr cn|||||||||
008 110818s2008 dcua sb 001 0 eng d
020 _z9780875531885
020 _z9780875532585 (e-book)
040 _aCaPaEBR
_cCaPaEBR
035 _a(OCoLC)754713866
050 1 4 _aRJ506.V56
_bY68 2008eb
245 0 0 _aYouth violence
_h[electronic resource] :
_binterventions for health care providers /
_cRobert D. Ketterlinus, editor.
260 _aWashington, D.C. :
_bAmerican Public Health Association,
_c2008.
300 _av, 242 p. :
_bill.
504 _aIncludes bibliographical references and index.
533 _aElectronic reproduction.
_bPalo Alto, Calif. :
_cebrary,
_d2011.
_nAvailable via World Wide Web.
_nAccess may be limited to ebrary affiliated libraries.
650 0 _aViolence in adolescence.
650 0 _aYouth and violence.
655 7 _aElectronic books.
_2local
700 1 _aKetterlinus, Robert D.
710 2 _aebrary, Inc.
856 4 0 _uhttp://site.ebrary.com/lib/rucke/Doc?id=10486820
_zAn electronic book accessible through the World Wide Web; click to view
999 _c228060
_d228060